Entry Nombre personal
001 - NÚMERO DE CONTROL
- campo de control: 46421
003 - IDENTIFICADOR DE NÚMERO DE CONTROL
- campo de control: SpMaBN
005 - FECHA Y HORA DE LA ÚLTIMA TRANSACCIÓN
- campo de control: 20240311163631.0
008 - ELEMENTOS DE DATO DE LONGITUD-FIJA
- campo de control de longitud fija: 950522n| aijnnaabn a aaa ||
016 ## - NÚMERO DE CONTROL DE UNA AGENCIA BIBLIOGRÁFICA NACIONAL
- Número de control del registro: BNE19950543394
024 7# - IDENTIFICADOR DE OTROS ESTÁNDARES
- Número estándar o código: http://viaf.org/viaf/19745011/
- Fuente: viaf
024 7# - IDENTIFICADOR DE OTROS ESTÁNDARES
- Número estándar o código: https://isni.org/isni/0000000118736639
- Fuente: isni
024 7# - IDENTIFICADOR DE OTROS ESTÁNDARES
- Número estándar o código: http://www.wikidata.org/entity/Q153717
- Fuente: wikidata
040 ## - FUENTE DE CATALOGACIÓN
- Centro catalogador/agencia de origen: SpMaBN
- Lengua de catalogación: spa
- Centro/agencia transcriptor: SpMaBN
- Normas de descripción: rdc
- Convención/Normas de encabezamiento de materia/tesauro: embne
100 1# - ENCABEZAMIENTO-NOMBRE DE PERSONA
- Nombre de persona: Dyson, Freeman J.
370 ## - LUGAR ASOCIADO
- Lugar de nacimiento: Crowthorne
- Fuente de información: Wikidata
372 ## - CAMPO DE ACTIVIDAD
- Campo de actividad: Física
- Fuente de información: Wikidata
373 ## - GRUPO ASOCIADO
- Grupo asociado: American Physical Society
- Grupo asociado: Sociedad Filosófica Estadounidense
- Grupo asociado: Academia de Ciencias de Rusia
- Grupo asociado: Academia Estadounidense de las Artes y las Ciencias
- Grupo asociado: Academia de Ciencias de Baviera
- Grupo asociado: Academia Nacional de Ciencias
- Grupo asociado: Academia Nacional de los Linces
- Grupo asociado: Academia
374 ## - OCUPACIÓN
- Ocupación: Fisicos
- Ocupación: Profesores
- Ocupación: Fisicos
- Ocupación: Fisicos
- Ocupación: Matemáticos
- Fuente de información: Wikidata
375 ## - GÉNERO/SEXO
- Género: Masculino
377 ## - IDIOMA ASOCIADO
- Término de lengua/lenguaje: Inglés
400 1# - TRAZADO DE VÉASE--NOMBRE DE PERSONA
- Nombre de persona: Dyson, Freeman
670 ## - FUENTE DE DATOS ENCONTRADOS
- Cita de la fuente: El sol, el genoma e internet, 2000
- Información encontrada: port. (Freeman J. Dyson)
670 ## - FUENTE DE DATOS ENCONTRADOS
- Cita de la fuente: De Eros a Gaia, 1994
- Información encontrada: port. (Freeman Dyson)
670 ## - FUENTE DE DATOS ENCONTRADOS
- Cita de la fuente: WWW Agencia Española ISBN, 7-5-2010
- Información encontrada: (Dyson, Freeman J.)
